Elektroenergetika 1 pre 3. ročník SPŠE

Bibliographic Details
Main Authors: Fecko, Štefan, 1929-2015 (Author), Brodňan, Ignác (Author), Jakubec, Augustín (Author)
Format: Book
Language:Slovak
PhysicalDescription:367 s. fotografie, tabuľky 21 cm
Published: Bratislava Alfa 1989
ISBN:8005002297
Edition:1. vyd.
Series:Edícia elektrotechnickej literatúry
Subjects:

MARC

LEADER 00000cam a2200000 a 4500
001 vtls001080980
003 SK-MaSNL
005 20260301111149.0
008 231120s1989 xo oa drnp 00000 slo
015 |a SNBA1989/05 
020 |a 8005002297  |q (viazané) 
035 |a SNK000023817 
035 |a AA9532C9-61AC-4393-B4A8-54FE31B360A9 
035 |a urn:nbn:sk:snk-am00ijlq 
040 |a SNK  |b slo  |c SNK  |e AACR2 
041 0 |a slo 
044 |a xo  |c SK 
072 7 |a 621.3  |x Elektrotechnika  |2 konspekt 
080 |a 621.31  |2 2011 
080 |a (075.3)  |2 2011 
100 1 |a Fecko, Štefan,  |d 1929-2015  |4 aut  |9 215597 
245 1 0 |a Elektroenergetika 1 pre 3. ročník SPŠE  |c Štefan Fecko, Ignác Brodňan, Augustín Jakubec 
250 |a 1. vyd. 
260 |a Bratislava  |b Alfa  |c 1989  |e Bratislava  |f Svornosť 
300 |a 367 s.  |b fotografie, tabuľky  |c 21 cm 
366 |e 2000 výtl. 
490 1 |a Edícia elektrotechnickej literatúry 
504 |a Obsahuje bibliografické odkazy 
650 0 7 |a elektroenergetika  |2 SNKPH  |9 15219 
650 0 7 |a Electric power engineering  |2 SNKPHeng  |9 326890 
655 7 |a učebnice stredných škôl  |2 SNKPH  |9 69323 
655 7 |a Textbooks (secondary)  |2 SNKPHeng  |9 276359 
700 1 |a Brodňan, Ignác  |4 aut  |9 9400 
700 1 |a Jakubec, Augustín  |4 aut  |9 396620 
830 0 |a Edícia elektrotechnickej literatúry  |9 270875 
852 |a Slovenská národná knižnica 
919 |a 80-05-00229-7 
954 |a odborná, vedecká literatúra pôvodná (slovenská)  |2 lita 
958 |a OND 
958 |a NB 
958 |a UC 
958 |a TL 
958 |a EUIPO 
999 |c 705839  |d 707769 
952 |a SNK  |b SNK  |y VYP  |7 0  |p 17A0176201  |o snkSC 74243/1 D1  |0 0  |1 0  |4 0  |d 1999-01-09  |l 0  |r 2004-12-31 00:00:00  |w 2026-02-23 
952 |a SNK  |b SNK  |y VYP  |7 0  |p 17A0340478  |o snkSC 74243/1 D2  |i snkKSP 4452/2002  |0 0  |1 0  |4 0  |d 2002-04-17  |l 0  |r 2004-12-31 00:00:00  |w 2026-02-23 
952 |a SNK  |b SNK  |y PREZ  |7 0  |p 17A0964656  |o snkSC 74243/1  |i snkKSP 3535/89  |0 0  |1 0  |4 0  |d 2012-09-26  |f 1  |l 0  |r 2025-07-30 00:00:00  |w 2026-02-23